Open Data Biblioteca Nacional de Portugal


República Portuguesa: Ministério da Cultura
Biblioteca Nacional de Portugal

Catálogo da BNP: acesso por Identificadores Unívocos
Registos Bibliográficos associados ao registo de autoridade

Etiqueta de registo: 00254nam 2200025 450
001 2285540
003 http://id.bnportugal.gov.pt/bib/catbnp/2285540
010 ## $a978-989-36181-6-5
021 ## $aPT$b557575/25
100 ## $a20260430d2025 c y0pory01030103ba
101 0# $apor
102 ## $aPT
105 ## $aa z 000fy
106 ## $ar
200 1# $aVamos despacha-te!$fLaura J. Savell$gil. Carla Julião
205 ## $a1ª ed
210 #9 $a[S.l.]$cVoana Livros,$d2025
215 ## $a[42] p.$cil.$d26 cm
675 ## $a087.5$vBN$zpor$3287999
675 ## $a821.134.3-93"20"$vBN$zpor$31046482
700 #1 $aSavell,$bLaura J.$31997340
701 #1 $aJulião,$bCarla$4070$331121
801 #0 $aPT$bBN$gRPC
856 41 $uhttp://rnod.bnportugal.gov.pt/ImagesBN/winlibimg.aspx?skey=&doc=2285540&img=223037&save=true
900 ## $aBIBNAC$d20260617
966 ## $lBN$mFGMON$sP. 72947 V.$x1
966 ## $lBN$mFGMON$sP. 72947 V.-D$x1
971 ## $cisantos$d20260430
972 ## $e0$z0$d20260617$vasantos
973 ## $cmlsousa$d20260608
974 ## $e0$d20260622$viquintas

OpendataBNP@bnportugal.pt | Mais informação sobre acesso aos dados BNP